000 00480nam a2200193Ia 4500
005 20240823021940.0
008 240823s9999||||xx |||||||||||||| ||und||
020 _a81-7992-398-3
041 _aENGLISH
082 _A658.3 P5
100 _aRothwel William J etal
245 0 _aStrategic Human Resource Leader
250 _a1st
260 _c2005
_b"Jaico Pub,M"
_aMumbai
500 _aYES
650 _aHuman Resources
_bManagement Studies
942 _cBK
999 _c178061
_d178061